000 02093nam a22002537a 4500
001 7401
003 FISKH
005 20250711162017.0
008 250711b cb ||||| |||| 00| 0 eng d
020 _a9780007162543
040 _aFISKH
_beng
_cFISKH
_dFISKH
050 _aGV1196.A1 H32
082 _a796.812
100 _aHardy, Matt
245 _aThe Hardy boyz /
_cBy Matt & Jeff Hardy with Michael Krugman
250 _aThis paperback edition first published in 2004
260 _aNew York :
_bHarper Collins Publisher ,
_c2003.
300 _a269 pages :
_billustrations ;
_c18 cm .
520 _aMatt and Jeff Hardy have proven that a relentless drive for success can make your wildest dreams come true. While still in high school, Matt and Jeff decided to become professional wrestlers at any cost. In a business that usually prizes giants, they were told their aspirations were unreasonable and impossible. But after the tragic loss of their mother, they began to pursue their goals with unstoppable determination. The Hardy Boyz: Exist 2 Inspire tells the story of Matt and Jeff Hardy's journey to WWE superstardom. Whether taking beatings from Razor Ramon and Nikolai Volkoff during their first WWE matches or winning the WWE Tag Team Championships against the Acolytes, the Hardy Boyz have experienced all the pains and pleasures that sports-entertainment has to offer. Their fast-moving, high-flying ring style has raised the bar for anyone who aims to follow in their footsteps. From receiving a standing ovation for their 1999 No Mercy ladder match against Edge and Christian to winning singles championships, Matt and Jeff have succeeded both as a team and as individuals. Still in their mid-twenties, the Hardyz have long careers ahead of them. The Hardy Boyz is the inspirational true story of two small-town North Carolina boys who clawed their way to the top of the magical world of professional wrestling and achieved their childhood dreams.
650 _aAutobiography
_vFiction
700 _aKrugman, Michael
_eIllustrator
942 _2ddc
_cBK
_n0
999 _c7401
_d7401